| 000 | 01045nam a22003017a 4500 | ||
|---|---|---|---|
| 001 | 0007015 | ||
| 003 | DO-SdBNP | ||
| 005 | 20240813125946.0 | ||
| 007 | 0007015 | ||
| 008 | 161201b2008 mx a ||| 00| 0 spa d | ||
| 020 | _a9687854839 | ||
| 040 |
_aBPMSU _bspa _cBPMSU |
||
| 082 | 4 |
_a370.15 _bT787c 2008 _222 |
|
| 100 | 1 | _aTrejo López, Olivia, | |
| 245 | 1 | 0 |
_a¿Cómo enseñar a pensar a los niños? : _bpreescolar / _cOlivia Trejo López ; diseño e ilustración, Magdalena Rodríguez Orozco y Martha Rodríguez Orozco. |
| 260 |
_aMéxico : _bEdiciones Euroméxico, _bLexus, _c2008. |
||
| 300 |
_a208 p. : _bil. ; _c33 cm. |
||
| 500 | _aEn la portada "El más pesado". | ||
| 500 | _aApartir de 3 a 5 años | ||
| 590 | _aInventariado, 2024/VM | ||
| 650 | 4 | _a Psicología del aprendizaje | |
| 650 | 4 | _aAptitud de aprendizaje | |
| 700 | 1 |
_aRodríguez Orozco, Magdalena, _eilustración |
|
| 700 | 1 |
_aRodríguez Orozco, Martha, _eilustración |
|
| 710 | 2 | _aLexus | |
| 910 | _aVMateo V. Control de calidad. BPMSU | ||
| 942 |
_2ddc _cBK |
||
| 999 |
_c12207 _d12207 |
||